000 00687nam a2200169Ia 4500
008 090711s9999 xx 000 0 und d
082 _b598
100 _aदेशपांडे दि. य.
245 _aअर्वाSाीन पाश्Sाात्त्य तत्त्वज्ञान
260 _c1999
300 _a181
600 _aदेशपांडे दि. य.
630 _aअर्वाSाीन पाश्Sाात्त्य तत्त्वज्ञान
700 _aदेशपांडे दि. य.
730 _aअर्वाSाीन पाश्Sाात्त्य तत्त्वज्ञान
942 _cBOOK
999 _c335582
_d335582